000 00569nam a22002177a 4500
003 BD-DhSAU
005 20230824144546.0
008 150808b2018 aj|||||||| 00| 0 eng d
020 _a9789387642775
040 _aBD-DhSAU
082 _222
_a631.53
_bK533
100 _aKibet, T.
245 _aForest Genetics And Tree Breeding /
_cT. Kitet
260 _aNew Delhi :
_bAgri Horti Press ,
_c2018.
300 _a298 p. :
_bill.,
_c22 cm.
504 _aInclude Index
590 _aKobir
650 _aForest Genetics
650 _aTree Breeding
942 _2ddc
_cBOOK
999 _c10761
_d10760